00000000nam 2200000zi 4500
0019.940571
003CaOODSP
00520250820083905
006m     o  d f      
007cr mn|||||||||
008240715e202409##oncbd   ob   f000 0 eng d
020 |a9780660727783
040 |aCaOODSP|beng|erda|cCaOODSP
043 |an-cn---
0861 |aHP35-188/2024E-PDF
24500|aObesity statistics in Canada.
264 1|aOttawa, ON : |bPublic Health Agency of Canada = Agence de la santé publique du Canada, |cSeptember 2024.
264 4|c©2024
300 |a1 online resource (iv, 114 pages) : |bmaps, graphs
336 |atext|btxt|2rdacontent
337 |acomputer|bc|2rdamedia
338 |aonline resource|bcr|2rdacarrier
500 |aCover title.
500 |aIssued also in French under title: Statistiques sur l’obésité au Canada.
504 |aIncludes bibliographical references (pages 107-114).
520 |a"The purpose of this report is to promote awareness and give the most up-to-date information and data on the prevalence of obesity among adults, children, and adolescents in the Canadian context. This report aims to inform stakeholders, policymakers, and healthcare professionals when developing programs and policies concerning the prevalence of obesity in Canada. This report discusses obesity and how it is measured in addition to identifying the population groups more affected by obesity"--Purpose of this report, page 2.
650 0|aObesity|zCanada|vStatistics.
650 0|aObesity in children|zCanada|vStatistics.
650 0|aObesity in adolescence|zCanada|vStatistics.
650 0|aObesity|xRisk factors|zCanada|vStatistics.
7102 |aPublic Health Agency of Canada, |eissuing body.
77508|tStatistiques sur l’obésité au Canada.|w(CaOODSP)9.940572
85640|qPDF|s2.53 MB|uhttps://publications.gc.ca/collections/collection_2025/aspc-phac/HP35-188-2024-eng.pdf
8564 |qHTML|sN/A|uhttps://www.canada.ca/en/public-health/services/publications/healthy-living/obesity-statistics-canada.html
986 |a240369